| 000 | 00657nam a2200229 a 4500 | ||
|---|---|---|---|
| 001 | BRCA_6759 | ||
| 005 | 20190320205559.0 | ||
| 008 | 251011s1946----mx-#######---#000-0#spa-# | ||
| 041 | _aspa | ||
| 044 | _amx | ||
| 050 | 4 |
_aPQ7297 _b.G63 Ch56 _c1946 |
|
| 100 | 1 |
_aGonzález Peña, Carlos _910061 |
|
| 245 | 1 | 0 |
_aLa chiquilla _cCarlos González Peña; edición y prólogo de Antonio Castro Leal |
| 260 |
_aMéxico _bPorrúa _c1946 |
||
| 300 |
_a349 p. _c20 cm. |
||
| 440 | 0 |
_aEscritores mexicanos _v24 _916875 |
|
| 500 | _aI125 | ||
| 650 | 1 | 4 |
_aLiteratura mexicana _910506 |
| 700 | 1 |
_aCastro Leal, Antonio _eEditor _916876 |
|
| 902 | _aGFM | ||
| 942 |
_2lcc _cB |
||
| 999 |
_c6442 _d6442 |
||